LIBRARY & INFORMATION CENTRE, KCAET, TAVANUR

ONLINE PUBLIC ACCESS CATALOGUE (OPAC)

Applied Electronics (Record no. 16376)

MARC details
000 -LEADER
fixed length control field 00206nam a22000977a 4500
003 - CONTROL NUMBER IDENTIFIER
control field OSt
008 - FIXED-LENGTH DATA ELEMENTS--GENERAL INFORMATION
fixed length control field 201014b ||||| |||| 00| 0 eng d
100 ## - MAIN ENTRY--AUTHOR NAME
Personal name Gray
245 ## - TITLE STATEMENT
Title Applied Electronics
942 ## - ADDED ENTRY ELEMENTS (KOHA)
Koha item type Books
Holdings
Withdrawn status Lost status Damaged status Home library Current library Date acquired Accession Number Koha item type
Withdrawn     KAUAET KAUAET 14/10/2020 11518 Books
free website counter